Welcome to the Holygrace Academy Library

Please use search bar below to get started

HINDI MALAYALM ENGLISH NIGHANDU (Record no. 2050)

MARC details
000 -LEADER
fixed length control field 00301nam a22001337a 4500
020 ## - INTERNATIONAL STANDARD BOOK NUMBER
ISBN 81-7130-762-0
082 ## - DEWEY DECIMAL CLASSIFICATION NUMBER
Classification number 403
Item number JOS/M
100 ## - MAIN ENTRY--AUTHOR NAME
Personal name JOSEPH, N K
245 ## - TITLE STATEMENT
Title HINDI MALAYALM ENGLISH NIGHANDU
260 ## - PUBLICATION, DISTRIBUTION, ETC. (IMPRINT)
Place of publication KOTTAYAM
Name of publisher DC BOOKS
Year of publication 2014
300 ## - PHYSICAL DESCRIPTION
Number of Pages 1411
650 ## - SUBJECT ADDED ENTRY--TOPICAL TERM
Topical Term DICTIONARY
Geographic subdivision INDIA
942 ## - ADDED ENTRY ELEMENTS (KOHA)
Koha item type Books
Holdings
Withdrawn status Lost status Collection code Home library Current library Shelving location Date acquired Source of acquisition Cost, normal purchase price Full call number Accession Number Koha item type
    Reference Main Library Main Library SHELF 1 F -DICTIONARY,THEASAURUS 21/06/2014 purchase 395.00 403 JOS/M 07368 Books